00565nam a2200157Ia 4500008004100000041001200041082001500053100003000068245004800098260003500146300000800181650001900189942000700208999001900215952017300234231217s9999 xx 000 0 und d aEnglish a294.5 VRA aVrajaprana,Pravrajika Ed. 0aLiving wisdom: Vedanta in a world community c1995bRamakrishna Math, Madras a299 aWisdom Vedanta cAA c165124d165124 r2024-01-26 00:00:00l0o294.5 VRAp10388v72.25w2024-01-26yAA1040708CL00aMLbMLd1997-11-28eRamakrishna Matag85.00EGENKWF0042L31/03/2000GRSF1V12.75W15